000 01571nam a2200325 a 4500
001 60480
003 BD-RjUL
005 20211209080841.0
008 170101s1995 bg b s o000 0 eng d
020 _a9845081797
_c: Tk. 400.00 (Inland)
035 _a(BD-RjUL)60604
035 _a(OCoLC)ocm27450619
035 _a(NNC)1450898
040 _aDLC
_cDLC
_dDLC
_dBD-RjUL
_beng
041 0 _aengben
082 _223
_a304.6095492021
_bMYM 1995 (CS)
110 _aBangladesh Bureau Of Statistics.
_9179266
245 1 0 _aBangladesh population census, 1991 = বাংলাদেশ আদমশুমারী, ১৯৯১ :
_bCommunity series, Zila: Mymensingh = কমিউনিটি সিরিজ, জেলা: ময়মনসিংহ /
_cBangladesh Bureau Of Statistics.
246 _aবাংলাদেশ আদমশুমারী, ১৯৯১ :
_bকমিউনিটি সিরিজ, জেলা: ময়মনসিংহ
260 _aDhaka :
_bBBS,
_c1995.
300 _axiv, 420 p. :
_bill. ;
_c28 cm.
490 _aCommunity series, Zila: Mymensingh
490 _aকমিউনিটি সিরিজ, জেলা: ময়মনসিংহ
500 _aPrefatory matter in Bengali and English.
651 _aBangladesh
_zMymensingh
_vCensus, 1991.
_9180002
651 _aBangladesh
_zMymensingh
_xPopulation
_vStatistics
_9180003
830 _aCommunity series, Zila: Mymensingh
_9180004
830 _aকমিউনিটি সিরিজ, জেলা: ময়মনসিংহ
_9181065
942 _2ddc
_cRAR
999 _c60480
_d60480